Normale Ansicht MARC-Ansicht ISBD

Stephan-Ehrung 1997 - Frankfurt (Oder). (Titelsatznr. 80672)

[ MARC ]
MARC-Details
000 -Satzkennung
Kontrollfeld mit fester Länge 00712nam a22001337a 4500
008 - Feld mit fester Länge zur physischen Beschreibung - Allgemeine Angaben
Kontrollfeld mit fester Länge 210204b ||||| |||| 00| 0 eng d
040 ## - Katalogisierungsquelle
Original-Katalogisierungsstelle STAFF
041 ## - Sprachcode
Sprachcode des Textes/der Tonspur oder des separaten Titels ger
245 ## - Titel
Titel Stephan-Ehrung 1997 - Frankfurt (Oder).
Zusatz zum Titel Dem Andenken an Heinrich von Stephan, dessen Todestag sich am 8. April 1997 zum 100. Male jährt, ist diese Gedenkschrift gewidmet. /
Verfasserangabe etc. Redaktion: Hans-Werner Funk, Thomas Josten, Manfred Mittelstedt
260 ## - Publikation, Vertrieb usw. (Erscheinungsvermerk)
Erscheinungsort, Vertriebsort etc. Frankfurt (Oder):
Name des Verlags, des Vertriebs etc. Deutsche Post AG, Niederlassung Postfilialen Frankfurt (Oder),
Date of publication, distribution, etc [1997]
300 ## - Physische Beschreibung
Umfang 39 S.:
Andere physische Details zahlr. Abb, Sonderpostwertzeichen 100. Todestag Heinrich von Stephan
653 ## - Indexierungsterm - Nicht normiert
Nicht-normierter Term Stephan, Heinrich von (1831-1897)
-- Postamt Frankfurt (Oder) 1855-1856
942 ## - Zusätzliche Felder (Koha)
Klassifikation oder Aufstellungssystematik Andere/Generische Klassifikation
Koha-Medientyp Bücher
Exemplare
Ausgeschieden Verloren Klassifikation oder Aufstellungssystematik Beschädigt Nicht entleihbar Permanenter Standort Aktueller Standort Aufstellungsort Erwerbungsdatum Kodierter Standort-Qualifier Anzahl Ausleihen Signatur Letzte Aktivität Exemplarnummer Preis gültig von Medientyp
    Andere/Generische Klassifikation     Stadtarchiv Frankfurt (Oder) | Archivbibliothek Stadtarchiv Frankfurt (Oder) | Archivbibliothek Magazin 04/02/2021 M   II: 4997 04/02/2021 a: 243/2020 04/02/2021 Bücher
    Andere/Generische Klassifikation     Stadtarchiv Frankfurt (Oder) | Archivbibliothek Stadtarchiv Frankfurt (Oder) | Archivbibliothek Lesesaal 04/02/2021 L   FP48 04/02/2021 b: 244/2020 04/02/2021 Bücher